000 00763nam a2200253 i 4500
999 _c3612
_d3612
001 2761686
003 GBCCL
005 20241126110458.0
008 791212s1979 enk b 000 0 eng
010 _a 79320697
015 _aGB79-10003
020 _a0006256295 :
_c£0.95
040 _aDLC
_cDLC
_dDLC
050 0 0 _aBT202
_b.S75
082 0 0 _a232
_bSTO
100 1 _aStott, John R. W.
_9325
245 1 0 _aFocus on Christ :
_ban enquiry into the theology of prepositions /
_c[by] John Stott.
260 _a[London] :
_bFount Paperbacks,
_c1979.
300 _a156 p. ;
_c18 cm.
504 _aIncludes bibliographical references.
600 0 0 _aJesus Christ
_xPerson and offices.
_9268
906 _a7
_bcbc
_corignew
_d4
_encip
_f19
_gy-gencatlg
942 _2ddc
_cBK